<?xml version="1.0" encoding="UTF-8"?>
<collection xmlns="http://www.loc.gov/MARC21/slim">
 <record>
  <leader>00960nab a2200193 i 4500</leader>
  <controlfield tag="001">misc47223</controlfield>
  <controlfield tag="005">20250321110900.0</controlfield>
  <controlfield tag="008">210203s1937    hu      o     000   hun d</controlfield>
  <datafield tag="040" ind1=" " ind2=" ">
   <subfield code="a">SZTE Miscellanea Repozitórium</subfield>
   <subfield code="b">hun</subfield>
  </datafield>
  <datafield tag="041" ind1=" " ind2=" ">
   <subfield code="a">hun</subfield>
  </datafield>
  <datafield tag="100" ind1="1" ind2=" ">
   <subfield code="a">Kellner Dániel</subfield>
  </datafield>
  <datafield tag="245" ind1="1" ind2="0">
   <subfield code="a">Szent-Györgyi Albert, a szegedi egyetem tanára az orvosi Nobel-díj nyertese </subfield>
   <subfield code="h">[elektronikus dokumentum] :</subfield>
   <subfield code="b">a vitamin-kutatás magyar úttörőjének világra szóló diadala /</subfield>
   <subfield code="c"> Kellner Dániel</subfield>
  </datafield>
  <datafield tag="260" ind1=" " ind2=" ">
   <subfield code="a">Budapesti Hirlap Nyomdája</subfield>
   <subfield code="b">Budapest</subfield>
   <subfield code="c">1937-10-29</subfield>
  </datafield>
  <datafield tag="300" ind1=" " ind2=" ">
   <subfield code="a">3</subfield>
  </datafield>
  <datafield tag="300" ind1=" " ind2=" ">
   <subfield code="a">Szent-Györgyi Albert Nobel-díja az 1937/38-as sajtóhíradások tükrében : újságkivágat-album, f. 35v.</subfield>
  </datafield>
  <datafield tag="490" ind1="0" ind2=" ">
   <subfield code="a">Budapesti Hirlap : politikai napilap</subfield>
   <subfield code="v">57 No. 246</subfield>
  </datafield>
  <datafield tag="561" ind1=" " ind2=" ">
   <subfield code="a">Szent-Györgyi Albert újságkivágat-album</subfield>
  </datafield>
  <datafield tag="695" ind1=" " ind2=" ">
   <subfield code="a">Szent-Györgyi Albert, Nobel-díj - 1937, Hóman Bálint - kultuszminiszter</subfield>
  </datafield>
  <datafield tag="856" ind1="4" ind2="0">
   <subfield code="u">http://misc.bibl.u-szeged.hu/47223/1/036_001.pdf</subfield>
   <subfield code="z">Dokumentum-elérés </subfield>
  </datafield>
 </record>
</collection>
